Niniveh and its remains: with an account of a visit to the chaldaean christians of Kurdistan, and the yezidis, or Devil worshippers; and an enquiry into the manners and arts of the ancient assyrians. By Austen Henry Layard, Esq. D. C. L. In two volumes

Tallennettuna:
Bibliografiset tiedot
Päätekijä: Layard, Austen Henry (Tekijä)
Aineistotyyppi: Kirja
Kieli:englanti
Julkaistu: Londres John Murray, Albemarle street 1849
Painos:1a. ed
Aiheet:
Tagit: Lisää tagi
Ei tageja, Lisää ensimmäinen tagi!

MARC

LEADER 00000nam a2200000 a 4500
001 UCJ6547
003 CL-VaPUC
008 070124e18490000UK |||||||||||||||||eng|d
082 0 4 |a 935  |b LAY  |2 21 
100 |a Layard, Austen Henry   |e author  |9 512572 
245 1 0 |a Niniveh and its remains: with an account of a visit to the chaldaean christians of Kurdistan, and the yezidis, or Devil worshippers; and an enquiry into the manners and arts of the ancient assyrians. By Austen Henry Layard, Esq. D. C. L. In two volumes 
250 |a 1a. ed 
300 |a 2 v 
942 |c BK 
945 |d 20070124 00:00:00  |a rinostro 
260 |a Londres  |b John Murray, Albemarle street  |c 1849 
500 |a Ilustraciones conforme a lo señalado en índices: Ex libris de Mary Antonietta Marchioness of Huntly. Dedicatoria autógrafa del autor 
650 0 |a Arqueología   |9 265619 
650 0 |a Arquitectura  |9 804558 
650 0 |a Viajes  |9 257115 
650 0 |a Árabes  |9 316264 
650 0 |a Cultura  |9 269059 
650 0 |a Arte  |9 265238 
650 7 |a TEMPLOS  |2 CL-VaPUC  |9 266644 
650 0 |a Ilustraciones  |9 369481 
650 7 |a DEDICATORIA AUTOGRAFA  |2 CL-VaPUC  |9 504503 
650 7 |a EX LIBRIS  |2 CL-VaPUC  |9 505186 
651 7 |a BAGDAD  |2 CL-VaPUC  |9 510915 
651 7 |a IRAK  |2 CL-VaPUC  |9 510460 
651 7 |a ASIRIA  |2 CL-VaPUC  |9 357602 
651 0 |a Mesopotamia  |9 314286 
583 |a last modification  |c 20070124 00:00:00  |k Rodrigo Vera 
999 |c 322649  |d 322647 
952 |0 0  |1 0  |4 0  |6 935_000000000000000_LAY_1849  |7 0  |8 X  |9 401694  |a FDOBUD  |b FDOBUD  |d 2019-11-22  |h v.1  |i 1049453  |o 935 LAY 1849  |p 1049453  |r 2019-11-22  |w 2019-11-22  |y BK_X  |k BUD 
952 |0 0  |1 0  |4 0  |6 935_000000000000000_LAY_1849  |7 0  |8 X  |9 401695  |a FDOBUD  |b FDOBUD  |d 2019-11-22  |h v.2  |i 1049461  |o 935 LAY 1849  |p 1049461  |r 2019-11-22  |w 2019-11-22  |y BK_X  |k BUD